000 00751nam a2200253Ia 4500
003 OSt
005 20220923223047.0
006 a|||||r|||| 00| 0
007 ta
008 220922b |||||||| |||| 00| 0 hin d
024 _a210,250
037 _cTextual
040 _aARTS
_cARTS
_bhin
041 _2hin
_ahin
082 _aO152,3N32x, L6
100 _aकमलेश्वर
_9156277
245 0 _aखंडित यात्राएॅं
246 _aKhanḍit yātrāeॅan
260 _aदिल्ली
_b शब्दकार
_c1976
300 _a111पृ.
_ccm.
650 _aहिन्दी कहानी
942 _hO152,3N32x, L6
_cTEXL
_2CC
999 _c360799
_d360799